000 01121nam a22002657a 4500
005 20180606170911.0
010 _aENG-123166
020 _a9789384082932
_c1450.00
035 _aB-650290-294
035 _aEN-106698
035 _aB-664676
037 _bBSB
_adpl
037 _bDBAD/PUB
082 _a370.954
100 _aSen,Amiya P.
245 _aAn idealist inIndia:
_cby Amiya P. Sen
_bselected writings and speeches of Nivedita /
260 _aDelhi
_bPrimus Books.
_c2016
270 _aVirat Bhawan, Mukhrjee Nagar Commercial Complex.
_bDelhi
_e110009
300 _axi,225p.
_b24cm(Hb)
650 _aFolk literature, Marathi
_vTranslations into English.
650 _aDhangar (Indic people)
_vFolklore.
942 _2ddc
_cEN
_h370.954
_mSEN
999 _c102306
_d102306